Normal view
MARC view
- Technical analysis (Investment analysis)
Entry Topical Term
001 - CONTROL NUMBER
- control field: 41507
003 - CONTROL NUMBER IDENTIFIER
- control field: OSt
005 - DATE AND TIME OF LATEST TRANSACTION
- control field: 20161012145444.0
008 - FIXED-LENGTH DATA ELEMENTS
- fixed length control field: 161012|| aca||babn | a|a d
040 ## - CATALOGING SOURCE
- Original cataloging agency: OSt
150 ## - HEADING--TOPICAL TERM
- Topical term or geographic name as entry element: Technical analysis (Investment analysis)